Timeshare mangement (Record no. 17530)
[ view plain ]
| 000 -LEADER | |
|---|---|
| fixed length control field | 00668nam a22002057a 4500 |
| 008 - FIXED-LENGTH DATA ELEMENTS--GENERAL INFORMATION | |
| fixed length control field | 190307b xxu||||| |||| 00| 0 eng d |
| 020 ## - INTERNATIONAL STANDARD BOOK NUMBER | |
| International Standard Book Number | 0750685993 |
| 040 ## - CATALOGING SOURCE | |
| Original cataloging agency | KABU |
| Transcribing agency | KABU |
| 050 ## - LIBRARY OF CONGRESS CALL NUMBER | |
| Classification number | TX911.3 |
| Item number | .K38 2009 c. 1 |
| 100 ## - MAIN ENTRY--PERSONAL NAME | |
| Personal name | Kaufman, Tammie J. |
| 245 ## - TITLE STATEMENT | |
| Title | Timeshare mangement |
| Remainder of title | the key issues for hospitality managers |
| Statement of responsibility, etc. | Tammie J. Kaufman, Conrad Lashley, Lisa Ann Schreier |
| 260 ## - PUBLICATION, DISTRIBUTION, ETC. (IMPRINT) | |
| Place of publication, distribution, etc. | Oxford, UK |
| Name of publisher, distributor, etc. | Elsevier |
| Date of publication, distribution, etc. | 2009 |
| 300 ## - PHYSICAL DESCRIPTION | |
| Extent | xii, 210 p. |
| 650 ## - SUBJECT ADDED ENTRY--TOPICAL TERM | |
| Topical term or geographic name as entry element | Hospitality industry |
| General subdivision | Management |
| 650 ## - SUBJECT ADDED ENTRY--TOPICAL TERM | |
| Topical term or geographic name as entry element | Resorts |
| General subdivision | Management |
| 650 ## - SUBJECT ADDED ENTRY--TOPICAL TERM | |
| Topical term or geographic name as entry element | Strategic planning |
| 700 ## - ADDED ENTRY--PERSONAL NAME | |
| Personal name | Lashley, Conrad |
| 700 ## - ADDED ENTRY--PERSONAL NAME | |
| Personal name | Schreier, Lisa Ann |
| 942 ## - ADDED ENTRY ELEMENTS (KOHA) | |
| Source of classification or shelving scheme | Library of Congress Classification |
| Koha item type | General Collection |
| Classification part | TX911.3 |
| Withdrawn status | Lost status | Source of classification or shelving scheme | Not for loan | Home library | Current library | Date acquired | Cost, normal purchase price | Total Checkouts | Full call number | Barcode | Date last seen | Copy number | Price effective from | Koha item type |
|---|---|---|---|---|---|---|---|---|---|---|---|---|---|---|
| Library of Congress Classification | Kabarak, Main Campus | Kabarak, Main Campus | 07/03/2019 | 6750.00 | TX911.3 .K38 2009 c. 1 | 024871 | 07/03/2019 | c. 1 | 07/03/2019 | General Collection |